World Geo Review - Statistics

General Stats
  • This quiz has been taken 48 times
  • The average score is 18 of 35
Answer Stats
Picture Answer % Correct
United States
85%
Japan
81%
Mexico
81%
India
73%
China
69%
Indonesia
69%
Canada
65%
Egypt
65%
Italy
65%
Russia
65%
Argentina
62%
Vietnam
62%
South Africa
58%
Turkey
58%
United Kingdom
58%
Brazil
54%
France
54%
Philippines
54%
Peru
50%
Iran
46%
Poland
46%
Spain
46%
Columbia
42%
Ethiopia
42%
Iraq
42%
Saudi Arabia
42%
Ukraine
42%
Democratic Republic of the Congo
38%
Nigeria
38%
South Korea
38%
Germany
35%
Pakistan
35%
Kenya
31%
Venezuela
31%
Afganistan
15%
No matching quizzes found
Score Distribution
Percent of People with Each Score
Percentile by Number Answered
Your Score History
You have not taken this quiz